Villes d’Essonne - Mort subite - Statistiques

Statistiques générales
  • Ce quiz a été pris 707 fois
    640 depuis la dernière actualisation
  • Le résultat moyen est 9 sur 20
Answers on the Grid
Answers color-coded by a green-red scale on the quiz's grid according to % correct below.
Evry-Courcouronnes
Corbeil Essonnes
Evry-Grégy sur Yerre
Ivry sur Seine
Savigny-le-Temple
Mennecy
Massy
Antony
La Ferté Alais
Savigny-sur-Orge
Athis-Mons
Yerres
Lisses
Ballancourt-sur-Essonne
Servon
Guyancourt
Lieusaint
Chevry-Cossigny
Montgeron
Crosne
Orly
Quincy sous Sénart
Combs la Ville
Varennes-Jarcy
Limeil-Brévannes
Fontenay-Trésigny
Blandy
Marcoussis
Etampes
Palaiseau
Nozay
Versailles
Vélizy Villacoublay
Chaville
Dourdan
Sceaux
 
Statistiques - réponses
Réponse % Correct
Evry-Courcouronnes
64%
Corbeil Essonnes
61%
Massy
60%
Savigny-sur-Orge
60%
Etampes
59%
Palaiseau
59%
Athis-Mons
55%
Dourdan
51%
Yerres
50%
Ballancourt-sur-Essonne
46%
Lisses
46%
Mennecy
46%
Marcoussis
44%
Montgeron
41%
La Ferté Alais
37%
Crosne
32%
Nozay
30%
Quincy sous Sénart
26%
Varennes-Jarcy
13%
Blandy
8%
Aucun quiz correspondant
Distribution des résultats
% des personnes avec chaque résultat
Percentile par nombre de réponses
Votre historique - résultats
Vous n’avez pas pris ce quiz depuis la dernière actualisation